| 000 | 00451cam a2200169ua 4500 | ||
|---|---|---|---|
| 020 | _c2.00 | ||
| 041 |
_amal _h |
||
| 082 |
_a928.94812 _bKUN/NA |
||
| 100 | _aKunjukrishnan, Pallippattu. | ||
| 245 |
_aNammude sahithyakaranmar Part-13 / _cPallippattu Kunchikrishnan. _hTextual Documents |
||
| 260 |
_aCheppad : _bE K Raghu rama chandran , _c1963. |
||
| 300 | _a216 ; . | ||
| 365 | _a2.00 | ||
| 504 | _a | ||
| 942 | _cBK | ||
| 999 |
_c5254 _d5254 |
||